| 000 | 00367nam a2200133Ia 4500 | ||
|---|---|---|---|
| 008 | 210210b1989 xxu||||| |||| 00| 0 eng d | ||
| 082 | _a338.9 MISE | ||
| 100 | _aMISRA (S K) and PURI (V K). | ||
| 245 | _aEconomics of growth and development. | ||
| 260 |
_aBombay _bHimalaya Publishing House _c1989 |
||
| 300 | _a611 | ||
| 690 | _aEconomic Development | ||
| 906 | _a043853 | ||
| 999 |
_c93159 _d93159 |
||